Responses for show #2713 - Wednesday, May 22, 1996

Contestants

[<< previous game]

Ann Gibney, an interior designer from Beaverton, Oregon

Peter Hartikka, a proofreader originally from Washington, D.C.

Brian Flanagan, a tavern owner from New York City, New York (whose 2-day cash winnings total $19,001)

[next game >>]

Jeopardy! Round responses

SHAKESPEAREAN CHARACTERS
HOLIDAY FOOD & DRINK
FILMS OF THE '90s
AMERICAN HISTORY
ODD JOBS
FORMER PLACE NAMES
    $100 16
Macbeth

Brian
    $100 12
green

Peter
    $100 15
pet detective

Ann
    $100 6
Jefferson Davis

Brian
    $100 11
pit crew

Brian
    $100 1
Thailand

Brian
    $200 17
Cressida

Peter
    $200 24
cranberries

Peter
    $200 18
The Beverly Hillbillies

Ann
    $200 7
the Gettysburg Address

Peter
    $200 13
photographing

Peter
    $200 2
St. Petersburg (Russia)

Brian
    $300 19
Puck

Ann
    $300 22
apple

Triple Stumper
    $300 26
(Peter: What is "Wayne's World 2?")
(Alex: No, that is the sequel.)

Wayne's World

PeterAnn
    $300 8
(Ann: What are billboards on highways?)

highways

BrianAnn
    $300 14
palms

Ann
    $300 3
Bangladesh

Ann
    $400 20
Hamlet

Brian
    $400 23
Dia de los Muertos (Day of the Dead)

Peter
    $400 29
basketball

Peter
    $400 9
Gemini

Brian
    $400 27
Calypso

Brian
    $400 4
Myanmar

Peter
    $500 21
Petruchio

Ann
    $500 25
Kamehameha

Peter
    $500 30
(Brian: Who is Jennifer Jason Leigh?)

Bridget Fonda

Brian
Triple Stumper
    $500 10
Washington

Peter
    $1,000 28
astrophysicist

Brian
    $500 5
Belize

Ann

Scores at the first commercial break (after clue 15):

Brian Peter Ann
$1,200 $1,400 $900

Scores at the end of the Jeopardy! Round:

Brian Peter Ann
$2,600 $2,800 $2,200

Double Jeopardy! Round responses

MEDICATIONS
(Alex: That sounds like fun, that sounds like something I need!)
1812
WORLD RELIGIONS
PULITZER PRIZE POETS
LANGUAGES
BOB DYLAN SONGS
    $200 5
lungs

Brian
    $200 6
Caracas

Peter
    $200 10
United States

Peter
    $200 26
Carl Sandburg

Peter
    $200 1
French

Peter
    $200 19
Billy the Kid

Ann
    $400 7
coughing

Ann
    $400 8
Wellington

Peter
    $400 11
Episcopalian

Ann
    $400 27
the Lowells

Brian
    $400 2
Swahili

Peter
    $400 25
"Blowin' in the Wind"

Peter
    $600 9
sulfa drugs

Peter
    $600 15
Grimm Brothers

Ann
    $600 13
Taoism (Daoism)

Peter
    $600 28
Robert Frost

Ann
    $600 3
Esperanto

Ann
    $600 29
Jimi Hendrix

Peter
    $800 12
malaria

Peter
    $800 16
clocks

Peter
    $800 20
Hindus

Brian
    $2,500 24
(Ann: Who are Edna St. Vincent Millay....)
(Alex: Right.)
(Ann: and I don't know the other one.)

Edna St. Vincent Millay & Stephen Vincent Benet

Ann
    $800 4
(Ann: What is Swedish?)

Danish

PeterAnn
    $800 30
"Mr. Tambourine Man"

Peter
    $1000 18
Acetaminophen

Peter
    $1000 17
(Ann: Who is Gerrymandering?)

Elbridge Gerry

Ann
Triple Stumper
    $3,600 21
the Coptic Church

Brian
    $1000 23
Robert Penn Warren

Ann
    $1000 14
Cyrillic

Ann
    $1000 22
"The Times They Are a-Changin'"

Brian

Scores at the end of the Double Jeopardy! Round:

Brian Peter Ann
$8,600 $10,800 $2,700

[wagering suggestions for these scores]

Final Jeopardy! Round responses

ASIA
AnnWhat are the Himalayas?
$2,699
BrianWhat are Mt. Everest & the Dead Sea
$3,000
PeterWhat are Mt. Everest & the Dead Sea
$6,401
Mount Everest & the Dead Sea

Final scores:

Brian Peter Ann
$11,600 $17,201 $1
2nd place: All-expense paid trip for two to the 1996 Summer Olympic Games in Atlanta New champion: $17,201 3rd place: Panasonic camcorder IQ

Game dynamics:

Coryat scores:

Brian Peter Ann
$5,500 $10,800 $5,200
15 R
(including 2 DDs),
1 W
25 R,
1 W
16 R,
4 W
(including 1 DD)

Combined Coryat: $21,500

The J! Archive is created by fans, for fans. The Jeopardy! game show and all elements thereof, including but not limited to copyright and trademark thereto, are the property of Jeopardy Productions, Inc. and are protected under law. This website is not affiliated with, sponsored by, or operated by Jeopardy Productions, Inc. Join the discussion at JBoard.tv.